[Event "Ricany op"]
[Site "Ricany"]
[Date "2023.08.29"]
[Round "5"]
[White "Topencik, Bruno"]
[Black "Sadil, Antonin"]
[Result "1/2-1/2"]
[WhiteElo "1897"]
[BlackElo "1774"]
[PlyCount "96"]
[EventDate "2023.08.26"]
[EventType "swiss"]
[EventRounds "9"]
[EventCountry "CZE"]
[SourceTitle "EXT 2024"]
[Source "ChessBase"]
[SourceDate "2023.10.10"]
[SourceVersion "1"]
[SourceVersionDate "2023.10.10"]
[SourceQuality "1"]

1. d4 c6 2. c4 d5 3. Nc3 e6 4. e4 dxe4 5. Nxe4 Nd7 6. Nf3 Ngf6 7. Nc3 Be7 8. Bd3 0-0 9. 0-0 b6 10. Bf4 Bb7 11. Qb3 Qc8 12. Rad1 Bd8 13. Bb1 h6 14. Qc2 Re8 15. Ne5 Bc7 16. Nxd7 Qxd7 17. Be5 Qe7 18. Ne4 Nxe4 19. Qxe4 g6 20. Qf4 Bxe5 21. dxe5 Kg7 22. h4 h5 23. Rd6 Rec8 24. Rfd1 Rc7 25. Be4 c5 26. Bxb7 Rxb7 27. g3 Rc7 28. b3 Rb8 29. R1d3 Kh7 30. Qd2 Rbc8 31. Rd7 Qe8 32. Kf1 Kg7 33. Ke2 Kh7 34. Kd1 Kg7 35. Kc2 Kh7 36. Kb2 Kg7 37. Rd8 Rxd8 38. Rxd8 Qe7 39. Qg5 f6 40. Qxf6+ Qxf6 41. exf6+ Kxf6 42. Kc3 Rf7 43. Rd3 Ke7 44. f3 Rf5 45. Kd2 g5 46. Ke3 gxh4 47. gxh4 Re5+ 48. Kf2 Rf5 1/2-1/2